Quiz wiedzy ogólnej o skokach narciarskich #9 - Statystyki

Ogólne statystyki
  • Ten quiz został rozwiązany 24 razy
  • Średni wynik to 12 z 15
Statystyki odpowiedzi
Zagadnienie Odpowedź % Poprawnych
Jak nazywa się słynny skoczek narciarski, który posiada rekord liczby zwycięstw w Turnieju Czterech Skoczni? {Janne Ahonen}(w 1999, 2003, 2005, 2006 i 2008)
100%
Jak nazywa się polski skoczek narciarski, który zdobył trzy złote medale na Igrzyskach Olimpijskich? Kamil Stoch
100%
Jaką literę przypomina najczęściej używany przez zawodników styl skoku? V
93%
Gdzie odbyły się Mistrzostwach Świata w Narciarstwie Klasycznym w 2017? {Lahti}(Finlandia)
87%
Kto wygrał konkurs indywidualny na skoczni HS-102 na Mistrzostwach Świata w Planicy w 2023r.? {Piotr Żyła}(Polska)
87%
Kiedy Kamil Stoch zdobył swoje pierwsze złoto na Igrzyskach Olimpijskich? 2014
80%
Kto był pierwszym skoczkiem narciarskim, który zdobył cztery złote medale na Mistrzostwach Świata? Adam Małysz
80%
Gdzie odbyły się Mistrzostwach Świata w Narciarstwie Klasycznym w 2013? {Predazzo}(Włochy)
80%
Gdzie odbyły się Mistrzostwach Świata w Narciarstwie Klasycznym w 2019? {Seefeld | Innsbruck}(Austria)
80%
Kto wygrał konkurs drużynowy na skoczni HS-138 na Mistrzostwach Świata w Planicy w 2023r.? Słowenia
80%
Kto wygrał konkurs indywidualny na skoczni HS-138 na Mistrzostwach Świata w Planicy w 2023r.? {Timi Zajc}(Słowenia)
80%
Gdzie odbyły się Mistrzostwach Świata w Narciarstwie Klasycznym w 2015? {Falun}(Szwecja)
73%
Kto wygrał konkurs drużynowy na skoczni HS-137 na Mistrzostwach Świata w Oberstdorfie w 2021r.? Niemcy
73%
Kto wygrał konkurs indywidualny na skoczni HS-137 na Mistrzostwach Świata w Oberstdorfie w 2021r.? {Stefan Kraft}(Austria)
73%
Kiedy po raz pierwszy rozegrano Mistrzostwa Świata w Skokach Narciarskich? 1925
27%
Nie znaleziono quizów pasujących do podanych kryteriów
Rozkład punktacji
Procent ludzi z każdym wynikiem
Percentyl według liczby udzielonych odpowiedzi
Twoja historia wyników
Nie rozwiązałeś tego quizu